[Event "Klatovy op-C 29th"]
[Site "Klatovy"]
[Date "2023.07.04"]
[Round "4"]
[White "Prachar, Josef"]
[Black "Novy, Jaroslav"]
[Result "1-0"]
[WhiteElo "1732"]
[BlackElo "1482"]
[PlyCount "77"]
[EventDate "2023.07.01"]
[EventType "swiss"]
[EventRounds "9"]
[EventCountry "CZE"]
[SourceTitle "CBM 215 Extra"]
[Source "ChessBase"]
[SourceDate "2023.09.30"]
[SourceVersion "1"]
[SourceVersionDate "2023.09.30"]
[SourceQuality "1"]

1. d4 d5 2. c4 e6 3. Nc3 Nf6 4. Bg5 c6 5. e3 Bb4 6. cxd5 exd5 7. Bd3 h6 8. Bh4 Be6 9. Nge2 Nbd7 10. 0-0 Bg4 11. f3 Bh5 12. Bf2 Bd6 13. Qc2 0-0 14. Bg3 Bxg3 15. Nxg3 c5 16. Nxh5 Nxh5 17. Nxd5 cxd4 18. exd4 Nhf6 19. Nc3 Rc8 20. Qf2 Qa5 21. Rad1 Nb6 22. Bb1 Rcd8 23. Rfe1 Rfe8 24. Rxe8+ Rxe8 25. a3 Nbd5 26. Ne4 Qc7 27. g3 Rc8 28. Qd2 b6 29. Nxf6+ Nxf6 30. Bf5 Re8 31. Rc1 Qe7 32. Kf2 Nd7 33. Re1 Qxe1+ 34. Qxe1 Rxe1 35. Kxe1 Nf6 36. Kd2 Kf8 37. Kd3 Ke7 38. Kc4 Kd6 39. Be4 1-0

[Event "Tatranska Lomnica Tatry op"]
[Site "Tatranska Lomnica"]
[Date "2021.10.05"]
[Round "5"]
[White "Pribyl, Josef"]
[Black "Prachar, Josef"]
[Result "1-0"]
[WhiteElo "2235"]
[BlackElo "1795"]
[PlyCount "101"]
[EventDate "2021.10.02"]
[EventType "swiss"]
[EventRounds "9"]
[EventCountry "SVK"]
[SourceTitle "EXT 2023"]
[Source "ChessBase"]
[SourceDate "2022.10.05"]
[SourceVersion "1"]
[SourceVersionDate "2022.10.05"]
[SourceQuality "1"]

1. Nf3 Nf6 2. c4 e6 3. b3 d5 4. Bb2 Be7 5. g3 0-0 6. Bg2 c6 7. 0-0 Nbd7 8. Qc2 b6 9. d3 Bb7 10. e4 dxe4 11. dxe4 c5 12. Nc3 e5 13. Rad1 Qb8 14. Rd2 Bc6 15. Rfd1 Qb7 16. Nd5 Bxd5 17. exd5 Bd6 18. Re2 Rfe8 19. Rde1 Qc7 20. Qf5 e4 21. Ng5 g6 22. Qh3 Be5 23. Bxe5 Rxe5 24. Nxe4 Rh5 25. d6 Qd8 26. Nxf6+ Nxf6 27. Qxh5 gxh5 28. d7 Rb8 29. Bc6 Nxd7 30. Rd1 Qc7 31. Bxd7 Rd8 32. Red2 Qe5 33. h4 Qc3 34. Rd5 h6 35. Kg2 Kg7 36. Bf5 Re8 37. R1d2 Re1 38. Bc2 Qa1 39. Bd1 Qb1 40. Rd7 Qe4+ 41. Bf3 Qb1 42. Kh2 Qc1 43. Bg2 Qc3 44. R2d3 Qe5 45. Rxa7 Ra1 46. Rf3 Qe6 47. Rf4 Rd1 48. Bd5 Rxd5 49. cxd5 Qxd5 50. Rfxf7+ Kg8 51. Rfd7 1-0

[Event "Hradec Kralove op 10th"]
[Site "Hradec Kralove"]
[Date "2019.10.27"]
[Round "2"]
[White "Prachar, Josef"]
[Black "Gloser, David"]
[Result "0-1"]
[WhiteElo "1804"]
[BlackElo "1972"]
[PlyCount "52"]
[EventDate "2019.10.26"]
[EventType "swiss"]
[EventRounds "9"]
[EventCountry "CZE"]
[SourceTitle "CBM 193 Extra"]
[Source "ChessBase"]
[SourceDate "2020.01.31"]
[SourceVersion "1"]
[SourceVersionDate "2020.01.31"]
[SourceQuality "1"]

1. d4 Nf6 2. c4 c5 3. d5 b5 4. cxb5 a6 5. b6 d6 6. Nc3 Nbd7 7. a4 Qxb6 8. a5 Qb7 9. e4 g6 10. f4 Bg7 11. Nf3 0-0 12. Bc4 Ne8 13. Qe2 Nc7 14. 0-0 Rb8 15. e5 Qa8 16. e6 fxe6 17. dxe6 Nf6 18. f5 gxf5 19. Ng5 Rb4 20. Bf4 h6 21. Bxd6 hxg5 22. Bxc5 Rxc4 23. Qxc4 Qc6 24. Qb4 Nfd5 25. Qa3 Nxc3 26. bxc3 Nb5 0-1

[Event "Litomysl op 20th"]
[Site "Litomysl"]
[Date "2018.12.31"]
[Round "8"]
[White "Bastyr, Pavel"]
[Black "Prachar, Josef"]
[Result "1-0"]
[WhiteElo "1432"]
[BlackElo "1827"]
[PlyCount "59"]
[EventDate "2018.12.26"]
[EventType "swiss"]
[EventRounds "9"]
[EventCountry "CZE"]
[SourceTitle "CBM 188 Extra"]
[Source "ChessBase"]
[SourceDate "2019.02.26"]
[SourceVersion "1"]
[SourceVersionDate "2019.02.26"]
[SourceQuality "1"]

1. d4 d5 2. c4 c6 3. Nc3 Nf6 4. Bg5 Nbd7 5. Nf3 h6 6. Bf4 e6 7. e3 Be7 8. Bd3 0-0 9. 0-0 b6 10. e4 dxc4 11. Bxc4 Bb7 12. e5 Nd5 13. Nxd5 exd5 14. Bd3 Re8 15. Qd2 Bf8 16. Rfe1 c5 17. e6 Nf6 18. exf7+ Kxf7 19. Ne5+ Kg8 20. f3 a5 21. Bg6 Re7 22. Qc2 Rc8 23. Bf5 Ra8 24. Ng6 Rxe1+ 25. Rxe1 Bc8 26. Nxf8 Bxf5 27. Qxf5 Qxf8 28. Qe6+ Kh8 29. Qxb6 Rb8 30. Qxb8 1-0

[Event "Litomysl op 20th"]
[Site "Litomysl"]
[Date "2018.12.30"]
[Round "7"]
[White "Prachar, Josef"]
[Black "Starosciak, Szymon"]
[Result "0-1"]
[WhiteElo "1827"]
[BlackElo "1407"]
[PlyCount "104"]
[EventDate "2018.12.26"]
[EventType "swiss"]
[EventRounds "9"]
[EventCountry "CZE"]
[SourceTitle "CBM 188 Extra"]
[Source "ChessBase"]
[SourceDate "2019.02.26"]
[SourceVersion "1"]
[SourceVersionDate "2019.02.26"]
[SourceQuality "1"]

1. c4 Nf6 2. Nc3 e5 3. g3 d5 4. cxd5 Nxd5 5. Bg2 Nb6 6. d3 Nc6 7. Nf3 Be7 8. 0-0 0-0 9. a3 Be6 10. b4 a6 11. Bb2 f5 12. Rc1 Bf6 13. Na4 Nxa4 14. Qxa4 Bd5 15. Qc2 e4 16. Bxf6 Rxf6 17. dxe4 Bxe4 18. Qc4+ Bd5 19. Qf4 Qd6 20. Nh4 Bxg2 21. Nxg2 Nd4 22. Rfe1 Re8 23. Kf1 Qxf4 24. Nxf4 c6 25. Red1 Ne6 26. Rd7 Nxf4 27. gxf4 Rf7 28. Rcd1 Rfe7 29. e3 Kf7 30. Ke2 Rxd7 31. Rxd7+ Re7 32. Rxe7+ Kxe7 33. Kd3 Kd6 34. f3 c5 35. e4 cxb4 36. axb4 b6 37. Kd4 Ke6 38. h4 h5 39. e5 g6 40. Kc4 Ke7 41. Kd5 Kd7 42. e6+ Ke7 43. Kc6 a5 44. bxa5 bxa5 45. Kb5 Kxe6 46. Kxa5 Kd5 47. Kb5 Kd4 48. Kc6 Ke3 49. Kd5 Kxf4 50. Ke6 Kxf3 51. Kf6 Kg4 52. Kxg6 f4 0-1

[Event "Rheinland Pfalz op Seniors 16th"]
[Site "Neustadt an der Weinstrasse"]
[Date "2018.07.08"]
[Round "2"]
[White "Prachar, Josef"]
[Black "Hauck, Bernd"]
[Result "0-1"]
[WhiteElo "1838"]
[BlackElo "1748"]
[PlyCount "68"]
[EventDate "2018.07.07"]
[EventType "swiss"]
[EventRounds "9"]
[EventCountry "GER"]
[SourceTitle "EXT 2019"]
[Source "ChessBase"]
[SourceDate "2018.10.10"]
[SourceVersion "1"]
[SourceVersionDate "2018.10.10"]
[SourceQuality "1"]

1. d4 Nf6 2. c4 g6 3. Nc3 d5 4. Bg5 Bg7 5. Bxf6 Bxf6 6. cxd5 c5 7. dxc6 Nxc6 8. e3 0-0 9. Bd3 Qa5 10. a3 Rd8 11. Nge2 e5 12. b4 Qc7 13. d5 e4 14. Nxe4 Bxa1 15. Qxa1 Qe5 16. 0-0 Qxa1 17. Rxa1 Ne5 18. Bc2 Kg7 19. Rd1 Bf5 20. N2g3 Bxe4 21. Nxe4 Rac8 22. Bb3 Nc4 23. a4 Nd6 24. Nd2 Rc3 25. Kf1 Rdc8 26. Ke2 f6 27. Rb1 a6 28. Nf3 Rc1 29. Rb2 Nc4 30. Ra2 Nd6 31. Nd4 Kf7 32. f3 R8c3 33. e4 Rg1 34. Kd2 Rxb3 0-1

[Event "Plzen op 9th"]
[Site "Plzen"]
[Date "2017.11.21"]
[Round "3"]
[White "Wiley, Tom E"]
[Black "Prachar, Josef"]
[Result "1-0"]
[WhiteElo "2117"]
[BlackElo "1834"]
[PlyCount "61"]
[EventDate "2017.11.19"]
[EventType "swiss"]
[EventRounds "7"]
[EventCountry "CZE"]
[SourceTitle "CBM 181 Extra"]
[Source "ChessBase"]
[SourceDate "2017.12.12"]
[SourceVersion "1"]
[SourceVersionDate "2017.12.12"]
[SourceQuality "1"]

1. d4 Nf6 2. c4 g6 3. Nc3 Bg7 4. e4 d6 5. Nf3 0-0 6. Be2 Nbd7 7. Be3 c6 8. Qc2 a6 9. a3 e5 10. d5 Ng4 11. Bg5 Qb6 12. 0-0 f6 13. Bh4 g5 14. Bg3 Nh6 15. Rfd1 c5 16. Bd3 Nf7 17. Rab1 Qd8 18. b4 b6 19. Nd2 Nh8 20. Nf1 Ng6 21. Ne3 h5 22. f3 h4 23. Bf2 Nf4 24. Bf1 Rf7 25. g3 hxg3 26. hxg3 Ng6 27. Bh3 Ndf8 28. Bxc8 Qxc8 29. bxc5 bxc5 30. Nf5 Qd7 31. Rb6 1-0

[Event "Wch Seniors 65 26th"]
[Site "Marianske Lazne"]
[Date "2016.11.22"]
[Round "4"]
[White "Pacl, Vaclav"]
[Black "Prachar, Josef"]
[Result "1-0"]
[WhiteElo "2104"]
[BlackElo "1918"]
[PlyCount "41"]
[EventDate "2016.11.19"]
[EventType "swiss"]
[EventRounds "11"]
[EventCountry "CZE"]
[SourceTitle "CBM 175 Extra"]
[Source "ChessBase"]
[SourceDate "2016.12.12"]
[SourceVersion "1"]
[SourceVersionDate "2016.12.12"]
[SourceQuality "1"]

1. Nf3 g6 2. g3 Bg7 3. Bg2 d6 4. 0-0 Nf6 5. c4 0-0 6. Nc3 Nbd7 7. Rb1 e5 8. d3 a5 9. a3 c6 10. b4 axb4 11. axb4 Nh5 12. b5 Nc5 13. Be3 Qc7 14. d4 exd4 15. Nxd4 Ne6 16. bxc6 Nxd4 17. cxb7 Bxb7 18. Bxb7 Rab8 19. Bxd4 Rxb7 20. Rxb7 Qxb7 21. Bxg7 1-0

[Event "Olomouc Seniors op 19th"]
[Site "Olomouc"]
[Date "2016.08.18"]
[Round "7"]
[White "Prachar, Josef"]
[Black "Heppell, Ian"]
[Result "1/2-1/2"]
[WhiteElo "1954"]
[BlackElo "2066"]
[PlyCount "40"]
[EventDate "2016.08.13"]
[EventType "swiss"]
[EventRounds "9"]
[EventCountry "CZE"]
[SourceTitle "CBM 174 Extra"]
[Source "ChessBase"]
[SourceDate "2016.10.10"]
[SourceVersion "1"]
[SourceVersionDate "2016.10.10"]
[SourceQuality "1"]

1. d4 d6 2. e4 Nf6 3. Nc3 Nbd7 4. Nf3 e5 5. h3 Be7 6. Bc4 0-0 7. 0-0 c6 8. Re1 b5 9. Bb3 Qc7 10. dxe5 dxe5 11. Bg5 Nc5 12. Bxf6 Bxf6 13. Qe2 a5 14. Qe3 Qe7 15. a4 Nxb3 16. cxb3 b4 17. Ne2 Be6 18. Rac1 Rfc8 19. Ng3 g6 20. Nf1 Qa7 1/2-1/2

[Event "Rheinland Pfalz op Seniors 14th"]
[Site "Neustadt an der Weinstrasse"]
[Date "2016.07.24"]
[Round "9"]
[White "Prachar, Josef"]
[Black "Blosze, Winfried"]
[Result "1-0"]
[WhiteElo "1930"]
[BlackElo "1872"]
[PlyCount "75"]
[EventDate "2016.07.16"]
[EventType "swiss"]
[EventRounds "9"]
[EventCountry "GER"]
[SourceTitle "EXT 2019"]
[Source "ChessBase"]
[SourceDate "2018.10.10"]
[SourceVersion "1"]
[SourceVersionDate "2018.10.10"]
[SourceQuality "1"]

1. d4 Nf6 2. c4 g6 3. Nc3 d5 4. Bg5 dxc4 5. e4 Bg7 6. Bxc4 h6 7. Bh4 c6 8. Qb3 0-0 9. e5 Nh5 10. Nge2 g5 11. Bg3 b5 12. Bd3 Be6 13. Qc2 Na6 14. a3 Nc7 15. Ne4 Bd5 16. f3 Rc8 17. Bf2 Ne6 18. b4 Nhf4 19. Nxf4 Nxf4 20. Bf1 Bxe4 21. fxe4 a5 22. g3 Ne6 23. Rd1 Qd7 24. Bh3 axb4 25. axb4 Rfd8 26. 0-0 Qb7 27. Qb3 Rc7 28. Bxe6 fxe6 29. Qxe6+ Kh8 30. Be3 Qc8 31. Qg6 Rf8 32. e6 Rf6 33. Rxf6 Bxf6 34. Qxh6+ Kg8 35. Qg6+ Kh8 36. Qf7 Qg8 37. Qxg8+ Kxg8 38. e5 1-0

[Event "Liberec op 16th"]
[Site "Liberec"]
[Date "2016.02.14"]
[Round "2"]
[White "Prachar, Josef"]
[Black "Balinski, Damian"]
[Result "0-1"]
[WhiteElo "1923"]
[BlackElo "2181"]
[PlyCount "78"]
[EventDate "2016.02.13"]
[EventType "swiss"]
[EventRounds "9"]
[EventCountry "CZE"]
[SourceTitle "CBM 170 Extra"]
[Source "ChessBase"]
[SourceDate "2016.02.25"]
[SourceVersion "1"]
[SourceVersionDate "2016.02.25"]
[SourceQuality "1"]

1. d4 Nf6 2. c4 e6 3. Nc3 Bb4 4. a3 Bxc3+ 5. bxc3 b6 6. f3 Ba6 7. e4 Nc6 8. Bg5 Qc8 9. Bd3 Na5 10. Qa4 Qb7 11. e5 Nd5 12. cxd5 Bxd3 13. dxe6 fxe6 14. Rd1 Qa6 15. Nh3 Bb5 16. Qb4 Nc6 17. Qb2 0-0 18. Nf2 Rf5 19. f4 h6 20. g4 Rf7 21. Bxh6 gxh6 22. Ne4 Rxf4 23. Nf6+ Rxf6 24. exf6 Rf8 25. g5 hxg5 26. Qd2 Kf7 27. h4 Kxf6 28. Qxg5+ Kf7 29. d5 Ke8 30. dxe6 Ne7 31. Qh5+ Kd8 32. Qh6 Re8 33. exd7 Bxd7 34. Kf2 Kc8 35. Rxd7 Kxd7 36. Rd1+ Kc8 37. Qg7 Qxa3 38. Qg4+ Kb8 39. Qf3 Rg8 0-1

[Event "Olomouc Seniors op 18th"]
[Site "Olomouc"]
[Date "2015.08.21"]
[Round "8"]
[White "Heppell, Ian"]
[Black "Prachar, Josef"]
[Result "1-0"]
[WhiteElo "2092"]
[BlackElo "1899"]
[PlyCount "95"]
[EventDate "2015.08.15"]
[EventType "swiss"]
[EventRounds "9"]
[EventCountry "CZE"]
[SourceTitle "EXT 2016"]
[Source "ChessBase"]
[SourceDate "2015.10.08"]
[SourceVersion "1"]
[SourceVersionDate "2015.10.08"]
[SourceQuality "1"]

1. e4 c5 2. Nf3 Nc6 3. c3 Nf6 4. e5 Nd5 5. d4 cxd4 6. Bc4 Nb6 7. Bb3 d5 8. exd6 Qxd6 9. 0-0 Bf5 10. Nxd4 Nxd4 11. cxd4 e6 12. Nc3 a6 13. Qf3 Be7 14. Qxb7 0-0 15. Be3 Bf6 16. Rfd1 Nd7 17. Ne4 Bxe4 18. Qxe4 Rac8 19. Rac1 Rfe8 20. h3 Qb4 21. Qd3 Qa5 22. Bd2 Qb6 23. Be3 Qa5 24. Bd2 Qb6 25. Ba4 Qb7 26. Be3 Red8 27. Rxc8 Qxc8 28. Rc1 Qb7 29. Qb3 Qxb3 30. Bxb3 h6 31. Rc6 Nb8 32. Rc7 Kf8 33. Kf1 g5 34. Ke2 Be7 35. h4 Nd7 36. Ra7 Nb8 37. Rc7 Bd6 38. Ra7 Be7 39. hxg5 hxg5 40. Ba4 Bf6 41. Rb7 Kg7 42. Kf3 Rc8 43. Bb3 Kg6 44. d5 Be5 45. dxe6 fxe6 46. Bxe6 Rf8+ 47. Ke4 Bf6 48. Bf5+ 1-0

[Event "Olomouc Seniors op 18th"]
[Site "Olomouc"]
[Date "2015.08.17"]
[Round "4"]
[White "Zdrazil, Bohumir"]
[Black "Prachar, Josef"]
[Result "0-1"]
[WhiteElo "1933"]
[BlackElo "1899"]
[PlyCount "40"]
[EventDate "2015.08.15"]
[EventType "swiss"]
[EventRounds "9"]
[EventCountry "CZE"]
[SourceTitle "EXT 2016"]
[Source "ChessBase"]
[SourceDate "2015.10.08"]
[SourceVersion "1"]
[SourceVersionDate "2015.10.08"]
[SourceQuality "1"]

1. d4 Nf6 2. Nf3 g6 3. c4 Bg7 4. Nc3 0-0 5. e4 d6 6. Bg5 Nbd7 7. h3 c5 8. d5 a6 9. Qd2 Qa5 10. Bh6 Bxh6 11. Qxh6 Nxe4 12. Ng5 Ndf6 13. Rc1 Nxc3 14. Rxc3 Qxa2 15. Be2 Qxb2 16. Rf3 Qb4+ 17. Kd1 Bf5 18. Rxf5 Qb1+ 19. Kd2 Qxf5 20. g4 Ne4+ 0-1

[Event "Rheinland Pfalz op Seniors 13th"]
[Site "Neustadt an der Weinstrasse"]
[Date "2015.07.16"]
[Round "7"]
[White "Prachar, Josef"]
[Black "Hassenrueck, Helmut"]
[Result "0-1"]
[WhiteElo "1867"]
[BlackElo "2240"]
[PlyCount "20"]
[EventDate "2015.07.10"]
[EventType "swiss"]
[EventRounds "7"]
[EventCountry "GER"]
[SourceTitle "EXT 2019"]
[Source "ChessBase"]
[SourceDate "2018.10.10"]
[SourceVersion "1"]
[SourceVersionDate "2018.10.10"]
[SourceQuality "1"]

1. d4 Nf6 2. c4 e6 3. Nc3 Bb4 4. a3 Bxc3+ 5. bxc3 c5 6. f3 d5 7. cxd5 exd5 8. e3 Qc7 9. Bd3 cxd4 10. cxd4 Qc3+ 0-1